000 00282nam a2200109Ia 4500
008 200302s9999 xx 000 0 und d
100 _aDavid Verey
245 _aGloucestershire 2 : The Vale And The Forest Of Dean
260 _bYale University Ptess
260 _c2002
300 _a888
999 _c4686
_d4686